Najeeb Mehfooz (Record no. 1227464)

MARC details
000 -LEADER
fixed length control field 00568nam a2200205Ia 4500
005 - DATE AND TIME OF LATEST TRANSACTION
control field 20241129110136.0
008 - FIXED-LENGTH DATA ELEMENTS--GENERAL INFORMATION
fixed length control field 241129s9999||||xx |||||||||||||| ||und||
037 ## - SOURCE OF ACQUISITION
Stock number TB
040 ## - CATALOGING SOURCE
Original cataloging agency ARTS
Language of cataloging eng
Transcribing agency ARTS
041 ## - LANGUAGE CODE
Language code of text/sound track or separate title eng
Source of code ara
084 ## - COLON CLASSIFICATION NUMBER
Classification number O28,3N11w Q5
Assigning agency ARTS
100 ## - MAIN ENTRY--PERSONAL NAME
Personal name Qaeesi Audullah Mani Au.
9 (RLIN) 727375
245 #0 - TITLE STATEMENT
Title Najeeb Mehfooz
Statement of responsibility, etc. Qaeesi Audullah Mani Au.
260 ## - PUBLICATION, DISTRIBUTION, ETC.
Place of publication, distribution, etc. Oman, Zordan
Name of publisher, distributor, etc. Darul Yazavi
Date of publication, distribution, etc. 2016
300 ## - PHYSICAL DESCRIPTION
Extent 175p.
365 ## - TRADE PRICE
Price type code INR
Price amount 990
650 ## - SUBJECT ADDED ENTRY--TOPICAL TERM
Topical term or geographic name entry element Arabic Fiction
9 (RLIN) 64594
942 ## - ADDED ENTRY ELEMENTS (KOHA)
Koha item type Textbook
Classification part O28,3N11w Q5
Holdings
Withdrawn status Lost status Damaged status Not for loan Home library Current library Date acquired Source of acquisition Cost, normal purchase price Inventory number Total Checkouts Full call number Barcode Date last seen Price effective from Koha item type
        Arts Library Arts Library 2024-11-29 Nadwi Publications 990.00 1724 & 27/01/2024   O28,3N11w Q5 AL1803498 2024-11-29 2024-11-29 Textbook
Copyright @ Delhi University Library System